Visualizzazione normale
Vista MARC
- Cruciani, M. Cristina
di Personal Name
Records bibliografici associati: 1
001 - CONTROL NUMBER
- control field: 24400
003 - CONTROL NUMBER IDENTIFIER
- control field: IT-RoPau
005 - DATE AND TIME OF LATEST TRANSACTION
- control field: 20140510095555.0
008 - FIXED-LENGTH DATA ELEMENTS
- fixed length control field: 140510|| aca||aabn | a|a d
040 ## - CATALOGING SOURCE
- Original cataloging agency: IT-RoPau
- Transcribing agency: IT-RoPau
100 ## - HEADING--PERSONAL NAME
- Personal name: Cruciani, M. Cristina
670 ## - SOURCE DATA FOUND
- Source citation: Work cat.: (IT-RoPau)24171: Cruciani, M. Cristina , Storia e teologia della messa in onore di Maria Regina degli Apostoli., 1988